000 00242nam a22000857a 4500
008 160629b xxu||||| |||| 00| 0 eng d
100 _91386
_a Avinashi, V
245 _aFundamentals of Health Education
260 _aNew Delhi
_bArya Publications
_c1999
999 _c1146
_d1146